Wat zijn de 10 Deense steden met de meeste inwoners - Statistieken

Algemene statistieken
  • Deze quiz is 20 keer genomen
  • De gemiddelde score is 5 van 10
Antwoordstatistieken
Inwoners Antwoord % Correct
569.557 Kopenhagen
100%
205.809 Aalborg
82%
323.893 Aarhus
82%
195.797 Odense
65%
115.095 Esbjerg
53%
96.343 Randers
29%
109.652 Vejle
24%
94.486 Viborg
24%
90.066 Kolding
18%
102.717 Frederiksberg
0%
Geen overeenkomende quizzen gevonden
Scoreverdeling
Procent van Mensen met Elke Score
Percentiel versus Aantal Correcte Antwoorden
Uw Scoregeschiedenis
U heeft deze quiz nog niet genomen